Nasib minda (Tamil)

Bibliographic Details
Main Author: Vivekanandar, Swami
Format: Book
Published: Chennai : Penerbitan Sri Ramakrishna Madam , 2006
Subjects:

MARC

LEADER 00000cam a2200000 7i4500
001 0000021159
005 20160330.0
008 080714
020 |a 8171207375 
090 0 0 |a 158   |b VIV 
100 0 |a Vivekanandar, Swami 
245 1 0 |a Nasib minda (Tamil)   |c Swami Vivekanandar 
260 |a Chennai :   |b Penerbitan Sri Ramakrishna Madam ,   |c 2006 
500 |a Teenager ages 13-18 years old (blue) 
650 0 |a Adolescent psychology 
650 0 |a Psychology 
999 |a 0001028697   |b Book   |c Tamil Collection   |e Perbadanan Perpustakaan Awam Johor 
999 |a 0001028698   |b Book   |c Tamil Collection   |e Perbadanan Perpustakaan Awam Johor 
999 |a 0001028699   |b Book   |c Tamil Collection   |e Perbadanan Perpustakaan Awam Johor 
999 |a 0001028700   |b Book   |c Tamil Collection   |e Perbadanan Perpustakaan Awam Johor 
999 |a 0001386094   |b Book   |c Tamil Collection   |e Perbadanan Perpustakaan Awam Johor 
999 |a 0001386096   |b Book   |c Tamil Collection   |e Perbadanan Perpustakaan Awam Johor